| 000 | 01120cam a2200241 4500 | ||
|---|---|---|---|
| 001 | WB3910-19 | ||
| 008 | 030312n2003 000 0 eng u | ||
| 035 | _a(Sirsi) u121605 | ||
| 245 | _aNew support for Scottish agri-environment schemes | ||
| 260 | _c2003 | ||
| 490 |
_aScottish Executive News Release _v6 March 2003, 2) |
||
| 520 | _aA consultation on proposed improvements to schemes supporting environmentally-friendly farming in Scotland has been launched. Views are sought on policy priorities in three areas: continued support for farmers and crofters leaving the Environmentally Sensitive Area (ESA) schemes, support for conversion to organic farming and changes to the Rural Stewardship scheme. Responses must be made by May 30 2003. http://www.scotland.gov.uk/pages/news/2003/03/SEEN375.aspx | ||
| 590 | _aWB | ||
| 650 | _aAGRI-ENVIRONMENT SCHEMES | ||
| 650 | _aORGANIC AID SCHEME | ||
| 650 | _aRURAL STEWARDSHIP SCHEME | ||
| 650 | _aSCOTLAND | ||
| 650 | _aFARMERS | ||
| 650 | _aCROFTERS | ||
| 650 | _aENVIRONMENTALLY SENSITIVE AREAS | ||
| 690 | _aRURAL-AGRICULTURE AND FORESTRY | ||
| 942 | _n0 | ||
| 999 |
_c72289 _d72289 |
||